| 000 | 00469nam a2200193Ia 4500 | ||
|---|---|---|---|
| 003 | SGT | ||
| 020 | _a9788126514427 | ||
| 082 |
_a530 _bHAL |
||
| 100 | _aHalliday,David | ||
| 245 | _aFundamentals of physics | ||
| 250 | _a8th Ed. | ||
| 260 |
_bJohn Wiley & Sons _aNew York _c2009 |
||
| 300 | _a1286p. | ||
| 650 | _aPHYSICS | ||
| 653 | _aMEASURING, STRAIGHT LINE MOTION, VECTOR QUANTITIES | ||
| 700 | _aResnick,Robert | ||
| 700 | _aWalker,Jearl | ||
| 942 |
_2ddc _cBK |
||
| 999 |
_c5117 _d5117 |
||